Per amore delle parole : vita e passioni di Virginia Woolf /
Gespeichert in:
| 1. Verfasser: | |
|---|---|
| Weitere Verfasser: | |
| Format: | Buch |
| Sprache: | Italienisch |
| Veröffentlicht: |
San Dorligo della Valle :
EL,
[2005]
|
| Schriftenreihe: | Sirene ;
14 |
| Schlagworte: | |
| Tags: |
Keine Tags, Fügen Sie das erste Tag hinzu!
|
MARC
| LEADER | 00000nam a22000007i 4500 | ||
|---|---|---|---|
| 001 | IT\ICCU\RAV\1332889 | ||
| 003 | ItRI | ||
| 005 | 20260115231916.0 | ||
| 008 | 050518s2005 it |||||| ||||| |||||c | ||
| 020 | |a 8847716241 | ||
| 020 | |a 9788847716247 | ||
| 040 | |b ita |c importazione bologna sebina | ||
| 041 | 7 | |a ita |2 ISO-639-2 | |
| 100 | 1 | |a Masini, Beatrice |0 IT\ICCU\RAVV\097594 |4 aut | |
| 240 | 1 | 0 | |a Per amore delle parole |3 IT\ICCU\TSA\1811342 |9 Masini, Beatrice |
| 245 | 1 | 0 | |a Per amore delle parole : |b vita e passioni di Virginia Woolf / |c Beatrice Masini ; illustrazioni di Emiliano Ponzi. |
| 260 | |a San Dorligo della Valle : |b EL, |c [2005] | ||
| 300 | |a 94 p. : |b ill. ; |c 24 cm. | ||
| 650 | 7 | |a Woolf, Virginia |x Libri per ragazzi | |
| 700 | 1 | |a Ponzi, Emiliano |0 IT\ICCU\TSAV\328044 | |
| 830 | 0 | |a Sirene ; |v 14 |0 IT\ICCU\RAV\0936747 | |
| 942 | |2 ddc |c BK |n 0 | ||
| 952 | |0 0 |1 0 |4 0 |6 L_853_920000000000000_MAS |7 0 |9 16114 |a BO |b BO |d 2026-01-15 |i 10031 |l 0 |o L 853.92 MAS |p BO10031 |r 2026-01-15 23:19:16 |w 2026-01-15 |x [Sebina 6] [1 v.] |y BK |z 1 v. | ||
| 952 | |0 0 |1 0 |4 0 |6 R_853_920000000000000_MAS |7 0 |9 16115 |a BO |b BO |d 2026-01-15 |i 13927 |l 0 |o R 853.92 MAS |p BO13927 |r 2026-01-15 23:19:16 |w 2026-01-15 |x [Sebina 5] [1 v.] |y BK |z 1 v. (2. copia) | ||
| 999 | |c 13853 |d 13853 | ||